[Event "HUN-chT2 Erkel 1819"]
[Site "Hungary"]
[Date "2019.03.10"]
[Round "7.3"]
[White "Tornai, Imre"]
[Black "Adam, Gyorgy Jr"]
[Result "0-1"]
[WhiteElo "2100"]
[BlackElo "2105"]
[PlyCount "76"]
[EventDate "2018.10.28"]
[EventType "team-tourn"]
[EventRounds "9"]
[EventCountry "HUN"]
[SourceTitle "EXT 2021"]
[Source "ChessBase"]
[SourceDate "2020.10.23"]
[SourceVersion "1"]
[SourceVersionDate "2020.10.23"]
[SourceQuality "1"]
[WhiteTeam "Vac"]
[BlackTeam "Budapest EAC"]
[WhiteTeamCountry "HUN"]
[BlackTeamCountry "HUN"]

1. e4 c5 2. Nf3 Nc6 3. Nc3 g6 4. d4 cxd4 5. Nxd4 Bg7 6. Be3 Nf6 7. Bc4 0-0 8. Bb3 Ng4 9. Qxg4 Nxd4 10. Qh4 d6 11. 0-0-0 Nxb3+ 12. cxb3 Be6 13. Bd4 f6 14. Kb1 Qd7 15. f3 b5 16. Nd5 Qb7 17. Be3 Rfc8 18. Bh6 g5 19. Qh5 a5 20. Bxg7 Kxg7 21. h4 g4 22. Nf4 Bd7 23. Rc1 a4 24. b4 a3 25. Rxc8 Rxc8 26. Rc1 e5 27. Nd5 Rxc1+ 28. Kxc1 Qa7 29. bxa3 Qg1+ 30. Kb2 Qxg2+ 31. Kb3 Qxf3+ 32. Nc3 Be6+ 33. Kc2 Qf2+ 34. Kc1 Bd7 35. Kb1 Qd2 36. Nd5 Qd3+ 37. Kb2 Qxe4 38. Nxf6 Qe2+ 0-1

[Event "HUN-chT2 Erkel 1617"]
[Site "Hungary"]
[Date "2017.02.12"]
[Round "8.8"]
[White "Adam, Gyorgy Jr"]
[Black "Kutas, Balazs"]
[Result "1-0"]
[WhiteElo "2099"]
[BlackElo "1842"]
[PlyCount "57"]
[EventDate "2016.09.25"]
[EventType "team-tourn"]
[EventRounds "11"]
[EventCountry "HUN"]
[SourceTitle "EXT 2021"]
[Source "ChessBase"]
[SourceDate "2020.10.23"]
[SourceVersion "1"]
[SourceVersionDate "2020.10.23"]
[SourceQuality "1"]
[WhiteTeam "Budapest EAC"]
[BlackTeam "Salgotarjan"]
[WhiteTeamCountry "HUN"]
[BlackTeamCountry "HUN"]

1. e4 c5 2. Nf3 d6 3. d4 cxd4 4. Nxd4 Nf6 5. Nc3 g6 6. Be3 Bg7 7. f3 0-0 8. Qd2 Nc6 9. 0-0-0 Bd7 10. g4 Ne5 11. h4 Rc8 12. h5 Qa5 13. Kb1 Rxc3 14. Qxc3 Qxc3 15. bxc3 Nxf3 16. h6 Bh8 17. Nxf3 Bxg4 18. Bg2 Nxe4 19. Rd3 Nxc3+ 20. Kc1 Nxa2+ 21. Kd2 Nb4 22. Rb3 a5 23. Ng5 Rc8 24. c3 a4 25. Ra3 Nc6 26. Rxa4 Ne5 27. Bxb7 Nc4+ 28. Kc1 Rb8 29. Rxc4 1-0

[Event "Budapest-chT1 Lilienthal 1516"]
[Site "Budapest"]
[Date "2015.10.11"]
[Round "3"]
[White "Adam, Gyorgy Jr"]
[Black "Csillag, Janos"]
[Result "1-0"]
[WhiteElo "2112"]
[BlackElo "1990"]
[PlyCount "51"]
[EventDate "2015.09.20"]
[EventType "team-tourn"]
[EventRounds "9"]
[EventCountry "HUN"]
[SourceTitle "EXT 2021"]
[Source "ChessBase"]
[SourceDate "2020.10.23"]
[SourceVersion "1"]
[SourceVersionDate "2020.10.23"]
[SourceQuality "1"]
[WhiteTeam "Barcza GSC"]
[BlackTeam "Taban Spartacus II"]
[WhiteTeamCountry "HUN"]
[BlackTeamCountry "HUN"]

1. e4 c6 2. d4 d5 3. exd5 cxd5 4. Nc3 Nc6 5. Bf4 Bf5 6. Nf3 g6 7. Bb5 Rc8 8. 0-0 Bg7 9. Re1 Nf6 10. Ne2 0-0 11. Ng3 Bg4 12. c3 Qb6 13. Bxc6 bxc6 14. b3 e6 15. h3 Bxf3 16. Qxf3 Rfd8 17. Bg5 Nd7 18. Bxd8 Qxd8 19. b4 e5 20. Rad1 Qb6 21. Ne2 Nf8 22. dxe5 Bxe5 23. Nf4 Bg7 24. Re7 a5 25. Nxd5 cxd5 26. Qxf7+ 1-0

[Event "HUN-chT2 Breyer 1516"]
[Site "Hungary"]
[Date "2015.09.13"]
[Round "1.6"]
[White "Pisak, Istvan"]
[Black "Adam, Gyorgy Jr"]
[Result "0-1"]
[WhiteElo "2039"]
[BlackElo "2112"]
[PlyCount "106"]
[EventDate "2015.09.13"]
[EventType "team-tourn"]
[EventRounds "11"]
[EventCountry "HUN"]
[SourceTitle "CBM 170 Extra"]
[Source "ChessBase"]
[SourceDate "2016.02.25"]
[SourceVersion "1"]
[SourceVersionDate "2016.02.25"]
[SourceQuality "1"]
[WhiteTeam "Vizugy"]
[BlackTeam "TTC Sakk"]
[WhiteTeamCountry "HUN"]
[BlackTeamCountry "HUN"]

1. c4 g6 2. Nc3 Bg7 3. Nf3 d6 4. g3 Nc6 5. Bg2 Nf6 6. 0-0 Bg4 7. h3 Bd7 8. Rb1 Qc8 9. Kh2 h5 10. h4 Ng4+ 11. Kg1 Nge5 12. d3 Bh3 13. Qa4 Nxf3+ 14. exf3 0-0 15. Nd5 Bxg2 16. Kxg2 Re8 17. Bg5 f6 18. Be3 e6 19. Nf4 e5 20. Nd5 Ne7 21. Nc3 a6 22. Rfe1 Nf5 23. Nd5 Ne7 24. Nxe7+ Rxe7 25. b4 c6 26. Qb3 f5 27. Bg5 Rf7 28. a4 f4 29. gxf4 Qf5 30. Re4 Bf6 31. Bxf6 Qxf6 32. Rh1 exf4 33. d4 Rd8 34. d5 cxd5 35. cxd5 g5 36. hxg5 Qxg5+ 37. Kf1 Rg7 38. Ke2 Rc8 39. Qd1 Rc3 40. Qd4 Rgc7 41. Rd1 Rxf3 42. Re8+ Kf7 43. Qe4 Qg4 44. Qe6+ Qxe6+ 45. Rxe6 Rb3 46. Rd4 Rc2+ 47. Kf1 f3 48. Rf4+ Kg7 49. Kg1 Rb1+ 50. Kh2 Rxf2+ 51. Kg3 Re2 52. Kxf3 Rxe6 53. dxe6 Rf1+ 0-1

[Event "HUN-chT2 Breyer 1415"]
[Site "Hungary"]
[Date "2014.11.30"]
[Round "?"]
[White "Szabo, Janos"]
[Black "Adam, Gyorgy Jr"]
[Result "0-1"]
[WhiteElo "2137"]
[BlackElo "2092"]
[PlyCount "94"]
[EventDate "2014.09.07"]
[EventType "team-tourn"]
[EventRounds "11"]
[EventCountry "HUN"]
[SourceTitle "EXT 2016"]
[Source "ChessBase"]
[SourceDate "2015.10.08"]
[SourceVersion "1"]
[SourceVersionDate "2015.10.08"]
[SourceQuality "1"]
[WhiteTeam "MAFC"]
[BlackTeam "Torokbalint"]
[WhiteTeamCountry "HUN"]
[BlackTeamCountry "HUN"]

1. e4 c5 2. Nf3 Nc6 3. d4 cxd4 4. Nxd4 g6 5. Nxc6 bxc6 6. Bc4 Bg7 7. 0-0 d6 8. Nc3 Nf6 9. f3 Qb6+ 10. Kh1 0-0 11. Qe2 Rd8 12. Rd1 e6 13. Na4 Qa5 14. Bb3 Ba6 15. Qf2 c5 16. Bd2 Qc7 17. c4 Nd7 18. Qe1 Qc6 19. Ba5 Rdc8 20. Qd2 Bd4 21. Nc3 Nb6 22. Ne2 e5 23. Rac1 Rab8 24. Qh6 Bxb2 25. Rc2 Bd4 26. Bd2 Qe8 27. Bg5 Qe6 28. Qh4 Bxc4 29. Rxc4 Nxc4 30. f4 Rxb3 31. f5 gxf5 32. axb3 Nb6 33. Ng3 f4 34. Nf5 Qxb3 35. Re1 f6 36. Bxf6 Rc7 37. Qg5+ Kf8 38. Bg7+ Ke8 39. Nxd6+ Kd7 40. Nf5 f3 41. Nxd4 fxg2+ 42. Qxg2 exd4 43. e5 Rc6 44. Bf6 Qd5 45. Re4 d3 46. Bg5 Rg6 47. h4 d2 0-1

[Event "Vaujany op 5th"]
[Site "Vaujany"]
[Date "2014.07.12"]
[Round "3.12"]
[White "Foisor, Ovidiu Doru"]
[Black "Adam, Gyorgy Jr"]
[Result "1/2-1/2"]
[WhiteElo "2396"]
[BlackElo "2143"]
[PlyCount "66"]
[EventDate "2014.07.10"]
[EventType "swiss"]
[EventRounds "9"]
[EventCountry "FRA"]
[SourceTitle "EXT 2017"]
[Source "ChessBase"]
[SourceDate "2016.10.25"]
[SourceVersion "1"]
[SourceVersionDate "2016.10.25"]
[SourceQuality "1"]

1. d4 Nf6 2. c4 g6 3. Nc3 d5 4. cxd5 Nxd5 5. Bd2 Bg7 6. e4 Nb6 7. Be3 0-0 8. h3 c6 9. Nf3 Be6 10. b3 c5 11. Rc1 cxd4 12. Nxd4 Bd7 13. Bb5 a6 14. Be2 Be8 15. 0-0 N8d7 16. Qd2 Rc8 17. Rfd1 e6 18. Bg5 Bf6 19. Bh6 Bg7 20. e5 Bxh6 21. Qxh6 Qe7 22. Nf3 f6 23. exf6 Nxf6 24. Qe3 Nbd5 25. Nxd5 Nxd5 26. Qe5 Rxc1 27. Rxc1 Qf6 28. Qxf6 Rxf6 29. Rc8 Rf8 30. Ne5 Bb5 31. Bg4 Nf4 32. Rxf8+ Kxf8 33. a4 Be2 1/2-1/2

[Event "Vaujany op 5th"]
[Site "Vaujany"]
[Date "2014.07.11"]
[Round "2.19"]
[White "Adam, Gyorgy Jr"]
[Black "Adam, Olga"]
[Result "0-1"]
[WhiteElo "2143"]
[BlackElo "1964"]
[PlyCount "48"]
[EventDate "2014.07.10"]
[EventType "swiss"]
[EventRounds "9"]
[EventCountry "FRA"]
[SourceTitle "EXT 2017"]
[Source "ChessBase"]
[SourceDate "2016.10.25"]
[SourceVersion "1"]
[SourceVersionDate "2016.10.25"]
[SourceQuality "1"]

1. e4 e5 2. Nf3 Nc6 3. Bb5 a6 4. Ba4 Nf6 5. 0-0 Be7 6. Nc3 d6 7. d4 b5 8. dxe5 bxa4 9. exf6 Bxf6 10. Nd5 a3 11. Nxf6+ Qxf6 12. Qd5 Bd7 13. Rb1 Rb8 14. Bg5 Qe6 15. bxa3 0-0 16. Rb3 Rfe8 17. Qd3 Rxb3 18. cxb3 Qxe4 19. Qxa6 Ne5 20. Nd2 Qd5 21. a4 Bc6 22. f3 Qd4+ 23. Kh1 h6 24. Nc4 Ba8 0-1

[Event "HUN-chT2 Breyer 1314"]
[Site "Hungary"]
[Date "2014.03.23"]
[Round "7"]
[White "Adam, Gyorgy Jr"]
[Black "Balazs, Andras"]
[Result "1-0"]
[WhiteElo "2143"]
[BlackElo "1975"]
[PlyCount "103"]
[EventDate "2013.09.08"]
[EventType "team-tourn"]
[EventRounds "9"]
[EventCountry "HUN"]
[SourceTitle "EXT 2016"]
[Source "ChessBase"]
[SourceDate "2015.10.08"]
[SourceVersion "1"]
[SourceVersionDate "2015.10.08"]
[SourceQuality "1"]
[WhiteTeam "Torokbalint"]
[BlackTeam "Zoltek"]
[WhiteTeamCountry "HUN"]
[BlackTeamCountry "HUN"]

1. e4 c5 2. Nf3 d6 3. d4 cxd4 4. Nxd4 Nf6 5. Nc3 e6 6. Be2 a6 7. Be3 Be7 8. 0-0 0-0 9. f4 Qc7 10. a4 b6 11. Bf3 Bb7 12. Qe1 Nbd7 13. Nb3 Rac8 14. Qg3 Rfe8 15. Rad1 Qb8 16. e5 Nd5 17. Bxd5 exd5 18. Qg4 Nc5 19. Nd4 Kh8 20. Nf5 Bf8 21. exd6 Rcd8 22. Nxd5 Bxd5 23. Rxd5 Re6 24. Bd4 Rg6 25. Qh3 Qb7 26. c4 Nd7 27. Ne7 Nf6 28. Nxg6+ fxg6 29. Bxf6 gxf6 30. Qe6 Kg7 31. Re1 Rd7 32. b4 h6 33. c5 bxc5 34. bxc5 Qc6 35. Qe4 Kf7 36. Rd4 Qc8 37. Qd5+ Kg7 38. Rde4 Qd8 39. Re8 Qa5 40. Qc6 Rf7 41. d7 Bxc5+ 42. Kh1 Bb6 43. Qc8 f5 44. d8Q Bxd8 45. Qxd8 Qxd8 46. Rxd8 Rc7 47. g3 Kf7 48. Rh8 Rc4 49. Rh7+ Kf6 50. Rb1 Rc6 51. a5 h5 52. Rb6 1-0

[Event "Budapest-chT1 Lilienthal 1314"]
[Site "Budapest"]
[Date "2014.03.09"]
[Round "9"]
[White "Terbe, Zsuzsanna"]
[Black "Adam, Gyorgy Jr"]
[Result "1/2-1/2"]
[WhiteElo "1944"]
[BlackElo "2143"]
[PlyCount "91"]
[EventDate "2013.09.29"]
[EventType "team-tourn"]
[EventRounds "11"]
[EventCountry "HUN"]
[SourceTitle "EXT 2021"]
[Source "ChessBase"]
[SourceDate "2020.10.23"]
[SourceVersion "1"]
[SourceVersionDate "2020.10.23"]
[SourceQuality "1"]
[WhiteTeam "Rakosliget"]
[BlackTeam "Barcza GSC"]
[WhiteTeamCountry "HUN"]
[BlackTeamCountry "HUN"]

1. Nf3 Nf6 2. g3 g6 3. b3 Bg7 4. Bb2 d6 5. d4 Nbd7 6. Bg2 c5 7. 0-0 0-0 8. c4 Rb8 9. Nc3 a6 10. Qd2 b5 11. cxb5 axb5 12. dxc5 dxc5 13. Rfd1 Qb6 14. Rac1 Bb7 15. Qe3 Rfe8 16. Bh3 Bc6 17. Rc2 Qb7 18. Rcd2 Bxf3 19. exf3 e6 20. Ne4 Nd5 21. Qe2 Qc6 22. Bxg7 Kxg7 23. Rc1 f5 24. Nc3 Kf6 25. Bf1 Nxc3 26. Rxc3 Rb6 27. Bg2 Qc7 28. f4 Kf7 29. Qd1 Re7 30. Rdc2 Rd6 31. Rd3 Rxd3 32. Qxd3 Qb6 33. Bf1 b4 34. Rd2 Nf6 35. Bg2 Rd7 36. Qe2 Qd8 37. Rxd7+ Qxd7 38. Qc2 Qd4 39. Qc1 Ke7 40. a4 bxa3 41. Qxa3 Ng4 42. Qa2 Qd1+ 43. Bf1 Nf6 44. Qa7+ Nd7 45. Qb7 h5 46. h4 1/2-1/2

[Event "Budapest-chT1 Lilienthal 1314"]
[Site "Budapest"]
[Date "2014.02.23"]
[Round "8"]
[White "Nagy, Laszlo"]
[Black "Adam, Gyorgy Jr"]
[Result "1/2-1/2"]
[WhiteElo "1901"]
[BlackElo "2143"]
[PlyCount "85"]
[EventDate "2013.09.29"]
[EventType "team-tourn"]
[EventRounds "11"]
[EventCountry "HUN"]
[SourceTitle "EXT 2021"]
[Source "ChessBase"]
[SourceDate "2020.10.23"]
[SourceVersion "1"]
[SourceVersionDate "2020.10.23"]
[SourceQuality "1"]
[WhiteTeam "Fabulon"]
[BlackTeam "Barcza GSC"]
[WhiteTeamCountry "HUN"]
[BlackTeamCountry "HUN"]

1. c4 c5 2. Nc3 Nc6 3. g3 g6 4. Bg2 Bg7 5. e3 Nf6 6. d4 d6 7. Nge2 Bd7 8. 0-0 0-0 9. b3 Qc8 10. Bb2 Bh3 11. d5 Bxg2 12. Kxg2 Ne5 13. f4 Neg4 14. Qd3 Qf5 15. Rad1 h5 16. Bc1 Qxd3 17. Rxd3 a6 18. a4 b6 19. h3 Nh6 20. e4 Nd7 21. f5 Ne5 22. Rdd1 Kh7 23. Bf4 Bf6 24. fxg6+ fxg6 25. Bxe5 Bxe5 26. Rxf8 Rxf8 27. Rf1 Rxf1 28. Kxf1 g5 29. Kg2 Kg6 30. Nd1 Kf6 31. Nf2 Nf7 32. Kf3 Ba1 33. Nd3 Ne5+ 34. Nxe5 Kxe5 35. g4 h4 36. Ke3 Bd4+ 37. Kf3 a5 38. Nc1 Bg1 39. Ne2 Bd4 40. Nc1 Bc3 41. Ke3 Bd4+ 42. Kf3 Bg1 43. Ne2 1/2-1/2

[Event "HUN-chT2 Breyer 1314"]
[Site "Hungary"]
[Date "2014.02.16"]
[Round "5"]
[White "Egedi, Istvan"]
[Black "Adam, Gyorgy Jr"]
[Result "0-1"]
[WhiteElo "2176"]
[BlackElo "2143"]
[PlyCount "126"]
[EventDate "2013.09.08"]
[EventType "team-tourn"]
[EventRounds "9"]
[EventCountry "HUN"]
[SourceTitle "EXT 2016"]
[Source "ChessBase"]
[SourceDate "2015.10.08"]
[SourceVersion "1"]
[SourceVersionDate "2015.10.08"]
[SourceQuality "1"]
[WhiteTeam "Biatorbagy"]
[BlackTeam "Torokbalint"]
[WhiteTeamCountry "HUN"]
[BlackTeamCountry "HUN"]

1. e4 c5 2. Nc3 Nc6 3. g3 g6 4. Bg2 Bg7 5. d3 d6 6. f4 Bd7 7. Nf3 Qc8 8. Nd5 Nf6 9. Ne3 Bh3 10. Bxh3 Qxh3 11. Ng5 Qd7 12. 0-0 h6 13. Nf3 Ng4 14. c3 h5 15. d4 cxd4 16. cxd4 Rc8 17. a3 Nxd4 18. Nxd4 Rxc1 19. Rxc1 Nxe3 20. Qd3 Nxf1 21. Rxf1 0-0 22. b4 Rc8 23. f5 g5 24. Ne2 Qc7 25. Rc1 Qb6+ 26. Kf1 Rxc1+ 27. Nxc1 Qd4 28. Qxd4 Bxd4 29. Nb3 Bb2 30. a4 Kg7 31. Ke2 Kf6 32. Kd3 b6 33. Nd2 g4 34. Nc4 Be5 35. Ne3 e6 36. fxe6 fxe6 37. Kc4 Kg5 38. Ng2 a6 39. b5 a5 40. Kd3 d5 41. Ke3 dxe4 42. Kxe4 Bd6 43. Kd3 e5 44. Ke4 Kf6 45. Ne3 Bc5 46. Nd5+ Ke6 47. Nc7+ Kd6 48. Ne8+ Ke7 49. Nc7 Kd6 50. Ne8+ Kd7 51. Nf6+ Ke6 52. Nxh5 Bf8 53. h3 gxh3 54. g4 h2 55. Ng3 Bh6 56. Kf3 Bf4 57. Nh1 Kf6 58. Nf2 Kg5 59. Ne4+ Kh4 60. Nf2 Bg3 61. Nh1 Be1 62. Ke2 Bb4 63. Kf3 Bc5 0-1

[Event "Budapest-chT1 Lilienthal 1314"]
[Site "Budapest"]
[Date "2014.02.09"]
[Round "7"]
[White "Adam, Gyorgy Jr"]
[Black "Vegh, Karoly"]
[Result "0-1"]
[WhiteElo "2143"]
[BlackElo "2037"]
[PlyCount "60"]
[EventDate "2013.09.29"]
[EventType "team-tourn"]
[EventRounds "11"]
[EventCountry "HUN"]
[SourceTitle "EXT 2021"]
[Source "ChessBase"]
[SourceDate "2020.10.23"]
[SourceVersion "1"]
[SourceVersionDate "2020.10.23"]
[SourceQuality "1"]
[WhiteTeam "Barcza GSC"]
[BlackTeam "REAC SISE"]
[WhiteTeamCountry "HUN"]
[BlackTeamCountry "HUN"]

1. e4 d5 2. exd5 Qxd5 3. d4 Nc6 4. Be3 Bf5 5. Nc3 Qa5 6. Bb5 0-0-0 7. a3 Ne5 8. Qe2 Ng4 9. Nf3 Nxe3 10. fxe3 f6 11. 0-0 Nh6 12. Nd2 c6 13. Bc4 Bg4 14. Qf2 Qh5 15. b4 Bd7 16. Be2 Bg4 17. Bd3 e5 18. b5 exd4 19. exd4 c5 20. b6 Bd6 21. g3 axb6 22. Nb5 Be6 23. Nc4 Bxc4 24. Bxc4 cxd4 25. Kh1 Bc5 26. Rfe1 Rhe8 27. Qf4 Re5 28. a4 Rde8 29. Rf1 Ng4 30. Qd2 Re2 0-1

[Event "Budapest-chT1 Lilienthal 1314"]
[Site "Budapest"]
[Date "2013.12.15"]
[Round "5"]
[White "Fogarassy, Zsolt"]
[Black "Adam, Gyorgy Jr"]
[Result "1/2-1/2"]
[WhiteElo "1999"]
[BlackElo "2143"]
[PlyCount "89"]
[EventDate "2013.09.29"]
[EventType "team-tourn"]
[EventRounds "11"]
[EventCountry "HUN"]
[SourceTitle "EXT 2021"]
[Source "ChessBase"]
[SourceDate "2020.10.23"]
[SourceVersion "1"]
[SourceVersionDate "2020.10.23"]
[SourceQuality "1"]
[WhiteTeam "SENSE"]
[BlackTeam "Barcza GSC"]
[WhiteTeamCountry "HUN"]
[BlackTeamCountry "HUN"]

1. d4 Nf6 2. c4 g6 3. Nc3 d5 4. cxd5 Nxd5 5. e4 Nxc3 6. bxc3 Bg7 7. Nf3 c5 8. Rb1 Nc6 9. d5 Bxc3+ 10. Bd2 Bxd2+ 11. Qxd2 Nd4 12. Nxd4 cxd4 13. Qxd4 Qa5+ 14. Qd2 Qxd2+ 15. Kxd2 b6 16. Rc1 Kd8 17. Bb5 Bb7 18. Ke3 Rc8 19. Rhd1 Rf8 20. Kd4 a6 21. Bd3 Kd7 22. Rb1 b5 23. a4 e6 24. axb5 a5 25. dxe6+ fxe6 26. f3 Rfd8 27. Rdc1 Ke7+ 28. Ke3 Kd6 29. f4 e5 30. fxe5+ Kxe5 31. Rxc8 Rxc8 32. b6 Rc5 33. Rb5 Rxb5 34. Bxb5 Bxe4 35. g3 Bb7 36. Bc4 Kd6 37. Kd4 Kc6 38. Bd3 Kxb6 39. g4 a4 40. g5 Bc8 41. Bc4 Bf5 42. Bg8 Kc6 43. Bxh7 Kd6 44. h4 Ke6 45. Kc3 1/2-1/2

[Event "HUN-chT2 Breyer 1314"]
[Site "Hungary"]
[Date "2013.11.03"]
[Round "4"]
[White "Szanto, Levente"]
[Black "Adam, Gyorgy Jr"]
[Result "1-0"]
[WhiteElo "1947"]
[BlackElo "2143"]
[PlyCount "55"]
[EventDate "2013.09.08"]
[EventType "team-tourn"]
[EventRounds "9"]
[EventCountry "HUN"]
[SourceTitle "EXT 2016"]
[Source "ChessBase"]
[SourceDate "2015.10.08"]
[SourceVersion "1"]
[SourceVersionDate "2015.10.08"]
[SourceQuality "1"]
[WhiteTeam "Tatabanya Turul"]
[BlackTeam "Torokbalint"]
[WhiteTeamCountry "HUN"]
[BlackTeamCountry "HUN"]

1. e4 c5 2. Nf3 Nc6 3. d4 cxd4 4. Nxd4 g6 5. Nc3 Bg7 6. Be3 Nf6 7. f3 0-0 8. Qd2 d6 9. h4 h5 10. Be2 Ne5 11. 0-0-0 Kh7 12. g4 hxg4 13. f4 Nc6 14. h5 Nxh5 15. Nxc6 bxc6 16. f5 Rh8 17. Bxg4 Kg8 18. Bxh5 gxh5 19. Rdg1 Kf8 20. Rg5 h4 21. Qg2 Bf6 22. Rxh4 e6 23. Rxh8+ Bxh8 24. Rg8+ Ke7 25. Rxd8 Kxd8 26. Qg8+ Kc7 27. Qxh8 exf5 28. Qf6 1-0

[Event "Vaujany op 4th"]
[Site "Vaujany"]
[Date "2013.07.19"]
[Round "9"]
[White "Adam, Gyorgy Jr"]
[Black "Juhasz, Armin"]
[Result "0-1"]
[WhiteElo "2129"]
[BlackElo "2223"]
[PlyCount "76"]
[EventDate "2013.07.11"]
[EventType "swiss"]
[EventRounds "9"]
[EventCountry "FRA"]
[SourceTitle "EXT 2014"]
[Source "ChessBase"]
[SourceDate "2013.11.20"]
[SourceVersion "1"]
[SourceVersionDate "2013.11.20"]
[SourceQuality "1"]

1. e4 c6 2. d4 d5 3. e5 Bf5 4. Nf3 e6 5. Bd3 Bxd3 6. Qxd3 Qa5+ 7. Bd2 Qa6 8. Qxa6 Nxa6 9. a3 Rc8 10. Nc3 c5 11. Nb5 Nc7 12. Nd6+ Bxd6 13. exd6 Na6 14. c4 dxc4 15. 0-0-0 Nf6 16. Bg5 0-0 17. d5 Nb8 18. dxe6 fxe6 19. Rhe1 Rce8 20. Ne5 Nfd7 21. f4 h6 22. Bh4 Rxf4 23. Ng6 Rg4 24. Ne7+ Kh7 25. Bg3 Nc6 26. Rxe6 Nd4 27. Ree1 h5 28. Nd5 Rge4 29. Rf1 h4 30. Rf7 Nb3+ 31. Kc2 Rd4 32. Rxd4 Nxd4+ 33. Kd1 hxg3 34. hxg3 Rd8 35. Rf4 Nb6 36. Rh4+ Kg8 37. Ne7+ Kf7 38. Rf4+ Ke6 0-1

[Event "Vaujany op 4th"]
[Site "Vaujany"]
[Date "2013.07.13"]
[Round "3"]
[White "Adam, Gyorgy Jr"]
[Black "Carmaciu, Lucian Catalin"]
[Result "0-1"]
[WhiteElo "2129"]
[BlackElo "2416"]
[PlyCount "88"]
[EventDate "2013.07.11"]
[EventType "swiss"]
[EventRounds "9"]
[EventCountry "FRA"]
[SourceTitle "EXT 2014"]
[Source "ChessBase"]
[SourceDate "2013.11.20"]
[SourceVersion "1"]
[SourceVersionDate "2013.11.20"]
[SourceQuality "1"]

1. e4 c5 2. Nf3 e6 3. d4 cxd4 4. Nxd4 a6 5. Be3 Nf6 6. Nd2 Qc7 7. Be2 d5 8. exd5 Nxd5 9. 0-0 Nxe3 10. fxe3 Bd6 11. N4f3 Nd7 12. Ne4 Be7 13. Qd4 0-0 14. Kh1 Nf6 15. Bd3 Rd8 16. Nxf6+ Bxf6 17. Qe4 g6 18. Nd4 Bg7 19. Qh4 Rd5 20. Nf3 Rh5 21. Qf4 Qxf4 22. exf4 Bxb2 23. Rab1 Bf6 24. Be4 Rb8 25. Rb6 Ra5 26. c4 Rxa2 27. c5 Ra4 28. Bd3 Bd8 29. Rb3 Bc7 30. Ne5 Bxe5 31. fxe5 Bd7 32. Be2 Bc6 33. Rc1 Rd8 34. Bf3 Bxf3 35. gxf3 Rd7 36. Kg2 g5 37. Kg3 Kg7 38. Rb6 h5 39. Rd6 h4+ 40. Kh3 Rc7 41. Rg1 Kh6 42. Rd8 Rxc5 43. Rg8 Rxe5 44. f4 Re3+ 0-1

[Event "HUN-chT2 Breyer 1213"]
[Site "Hungary"]
[Date "2013.04.07"]
[Round "10.6"]
[White "Szunyogh, Istvan"]
[Black "Adam, Gyorgy Jr"]
[Result "1/2-1/2"]
[WhiteElo "1924"]
[BlackElo "2157"]
[PlyCount "158"]
[EventDate "2012.09.16"]
[EventType "team-tourn"]
[EventRounds "11"]
[EventCountry "HUN"]
[SourceTitle "EXT 2014"]
[Source "ChessBase"]
[SourceDate "2013.11.20"]
[SourceVersion "1"]
[SourceVersionDate "2013.11.20"]
[SourceQuality "1"]
[WhiteTeam "MAV Elore"]
[BlackTeam "Torokbalint"]
[WhiteTeamCountry "HUN"]
[BlackTeamCountry "HUN"]

1. c4 e5 2. Nc3 Nf6 3. Nf3 Nc6 4. g3 d5 5. cxd5 Nxd5 6. d3 f6 7. Bg2 Be6 8. 0-0 Qd7 9. a3 g5 10. Nd2 h5 11. Nde4 Be7 12. f3 0-0-0 13. Nxd5 Bxd5 14. Be3 Kb8 15. h3 g4 16. fxg4 hxg4 17. h4 f5 18. Nc3 Bxg2 19. Kxg2 f4 20. gxf4 Rxh4 21. Rh1 Rdh8 22. Qb3 Qd6 23. Rxh4 Rxh4 24. Qg8+ Nd8 25. Bf2 Rh6 26. fxe5 Qxe5 27. Rh1 Rxh1 28. Kxh1 Qh5+ 29. Kg1 Kc8 30. Ne4 Kd7 31. Qg7 Ke6 32. Bg3 c6 33. Bd6 Nf7 34. Bxe7 Kxe7 35. Qf6+ Kf8 36. b4 Qh3 37. Qf1 Qxf1+ 38. Kxf1 Ke7 39. Kg2 b6 40. Kg3 Nh6 41. Kf4 Ke6 42. Nf2 g3 43. Nh3 g2 44. e4 Nf7 45. Kg3 c5 46. bxc5 bxc5 47. Kxg2 Ke5 48. Kf3 Kd4 49. Nf4 Ne5+ 50. Ke2 Kc3 51. Ne6 Nxd3 52. Ke3 c4 53. Nd4 a6 54. Nc6 Kb3 55. Kd4 Nf4 56. Na5+ Kxa3 57. Kxc4 Ka4 58. Nb7 Ng6 59. Nc5+ Ka5 60. Nd7 Ka4 61. Nb6+ Ka5 62. Nd5 Ka4 63. Nc7 Ka5 64. Kc5 Ne5 65. Kd5 Nd3 66. Kd4 Nb4 67. Kc5 Nd3+ 68. Kc6 Ne5+ 69. Kd5 Nd3 70. Kd4 Nb4 71. Nd5 Nc6+ 72. Kc5 Ne5 73. Ne7 Nd3+ 74. Kd4 Ne1 75. Kc4 Kb6 76. Kd5 Nf3 77. Nc8+ Kb5 78. Nd6+ Kb4 79. Nb7 a5 1/2-1/2

[Event "Budapest-chT1 Lilienthal 1213"]
[Site "Budapest"]
[Date "2012.11.25"]
[Round "4"]
[White "Adam, Gyorgy Jr"]
[Black "Prorok, Marton"]
[Result "0-1"]
[WhiteElo "2157"]
[BlackElo "2229"]
[PlyCount "52"]
[EventDate "2012.09.30"]
[EventType "team-tourn"]
[EventRounds "11"]
[EventCountry "HUN"]
[SourceTitle "EXT 2019"]
[Source "ChessBase"]
[SourceDate "2018.10.10"]
[SourceVersion "1"]
[SourceVersionDate "2018.10.10"]
[SourceQuality "1"]
[WhiteTeam "Barcza GSC"]
[BlackTeam "Fabulon"]
[WhiteTeamCountry "HUN"]
[BlackTeamCountry "HUN"]

1. e4 c5 2. Nf3 Nc6 3. d4 cxd4 4. Nxd4 e5 5. Nb5 d6 6. N1c3 a6 7. Na3 f5 8. Bc4 Nf6 9. Bg5 Be7 10. Bxf6 Bxf6 11. Qd5 Qc7 12. 0-0-0 Nd4 13. exf5 Bxf5 14. Rxd4 exd4 15. Ncb5 axb5 16. Nxb5 Qc6 17. Qxf5 Kd8 18. Qe6 Be5 19. Rd1 Ra4 20. Na3 Re8 21. Qf7 Rb4 22. f4 Bf6 23. Bd5 Qc5 24. Bxb7 d3 25. c3 d2+ 26. Kb1 Rxb2+ 0-1

[Event "Vaujany op 3rd"]
[Site "Vaujany"]
[Date "2012.07.20"]
[Round "9"]
[White "Adam, Gyorgy Jr"]
[Black "Milchev, Nikolay"]
[Result "0-1"]
[WhiteElo "2140"]
[BlackElo "2421"]
[PlyCount "58"]
[EventDate "2012.07.12"]
[EventType "swiss"]
[EventRounds "9"]
[EventCountry "FRA"]
[SourceTitle "CBM 149 Extra"]
[Source "ChessBase"]
[SourceDate "2012.08.24"]
[SourceVersion "1"]
[SourceVersionDate "2012.08.24"]
[SourceQuality "1"]

1. e4 g6 2. d4 Bg7 3. Nf3 d6 4. Nc3 a6 5. Be3 b5 6. Qd2 h6 7. Bd3 Nd7 8. 0-0-0 Bb7 9. h4 e6 10. h5 g5 11. Kb1 b4 12. Ne2 a5 13. Ng3 d5 14. e5 c5 15. dxc5 Ne7 16. Bb5 Bc6 17. Qe2 Qb8 18. Nd4 Bxb5 19. Nxb5 Qxe5 20. c3 0-0 21. Qc2 Qb8 22. c4 a4 23. Qd2 Ne5 24. Nd6 Nxc4 25. Nxc4 dxc4 26. Ne4 c3 27. Qd6 c2+ 28. Kxc2 b3+ 29. Kd2 Rd8 0-1